000 00793pam a2200253 i 4500
999 _c9482
_d9482
001 2247023
003 OSt
005 20191224141730.0
008 770321s1978 nyua b 001 0 eng
010 _a 77004691
020 _a0023077107
020 _a0029785103
040 _aDLC
_cDLC
_dDLC
050 0 0 _aHB171.5
_b.B33
082 0 0 _a339
_bBEA/M
100 _aBeare, John B
_9725
245 1 0 _aMacroeconomics :
_bcycles, growth, and policy in a monetary economy /
_cJohn B. Beare.
260 _aNew York :
_bMacmillan Pub. Co.,
_cc1978.
300 _ax, 499 p. :
_bill. ;
_c24 cm.
504 _aIncludes bibliographies and index.
650 0 _aMacroeconomics.
906 _a7
_bcbc
_corignew
_d1
_eocip
_f19
_gy-gencatlg
942 _2ddc
_cBK
_h339
_iBEA/M
_k339
_mBEA/M